Pretty little liars - Statistiques

Statistiques générales
  • Ce quiz a été pris 4 113 fois
  • Le résultat moyen est 24 sur 42
Statistiques - réponses
Noms de famille Réponse % Correct
Montgomery Aria
99%
Hastings Spencer
99%
Marin Hanna
98%
DiLaurentis Alison
97%
Fields Emily
96%
Fitz Ezra
93%
Cavanaugh Toby
93%
Hastings Melissa
89%
DiLaurentis Jason
86%
Marshall Jenna
85%
Rivers Caleb
83%
Vander waal Mona
83%
Kahn Noel
78%
Montgomery Mike
76%
Marin Ashley
75%
Montgomery Ella
72%
Drake Cece
69%
Fields Pam
68%
Hastings Veronica
64%
DiLaurentis Jessica
59%
Montgomery Byron
56%
Mc cullers Paige
55%
Hastings Peter
52%
Drake Mary
51%
Marin Tom
50%
Kingston Wren
46%
Thomas Ian
44%
Gottesman Lucas
43%
Harvey Sara
39%
Reynolds Garrett
37%
Wilden Darren
36%
Campbell Andrew
29%
Fields Wayne
25%
Fring Shana
23%
DiLaurentis Kenneth
22%
Tanner Linda
22%
Kahn Eric
21%
Rollins Elliot
20%
Holbrook Gabriel
20%
Dunhill Archer
18%
Furey Marco
15%
Driscoll Sydney
14%
Aucun quiz correspondant
Distribution des résultats
% des personnes avec chaque résultat
Percentile par nombre de réponses
Votre historique - résultats
Vous n’avez pas pris ce quiz